Santiago Ydañez (Record no. 15368)

MARC details
000 - LÍDER
campo de control de longitud fija 01025nam a2200229Ia 4500
008 - ELEMENTOS DE DATOS DE LONGITUD FIJA - INFORMACIÓN GENERAL
campo de control de longitud fija 0000002005 sp ad 0000000000mul00
090 ## - NÚMERO DE LLAMADA DE TIPO LC LOCALMENTE ASIGNADO (OCLC)
Número de clasificación (OCLC) (R) PSP00 J35s
100 1# - ENTRADA PRINCIPAL - NOMBRE PERSONAL
Nombre de la persona Jiménez, José
245 10 - TÍTULO DECLARACIÓN
Título Santiago Ydañez
Declaración de responsabilidad / texto José Jiménez ; traducción Jacob Ladeggard ; fotografías Juan González, Mateo Gamón, Valentín García Baca
260 ## - PUBLICACIÓN, DISTRIBUCIÓN
Lugar de publicación Valencia : Galería Luis Adelantado
Fecha de publicación 2005
300 ## - DESCRIPCIÓN FÍSICA
Alcance 86 p.
Dimensiones / 23 cm.
500 ## - NOTA GENERAL
Nota general Exposición realizada en Galería Luis Adelantado en Valencia, España en 2005 \ Incluye datos biográficos del artista \ Texto en español e inglés \ Donación Galería Nueve Ochenta, Bogota, 2014
600 00 - ENTRADA DE SUJETO AÑADIDO - NOMBRE PERSONAL
Nombre de la persona YDAñEZ, SANTIAGO, 1969/
Subdivisión general TRABAJOS PICTORICOS
650 14 - ENTRADA DE SUJETO AÑADIDO - TÉRMINO TÓPICO
Término tópico o elemento de entrada del nombre geográfico ARTE CONTEMPORANEO ESPAÑOL
650 14 - ENTRADA DE SUJETO AÑADIDO - TÉRMINO TÓPICO
Término tópico o elemento de entrada del nombre geográfico ARTISTAS PLASTICOS ESPAÑOLES EXPOSIONES
650 14 - ENTRADA DE SUJETO AÑADIDO - TÉRMINO TÓPICO
Subdivisión general CATALOGOS
650 14 - ENTRADA DE SUJETO AÑADIDO - TÉRMINO TÓPICO
Subdivisión general EXPOSICIONES
650 14 - ENTRADA DE SUJETO AÑADIDO - TÉRMINO TÓPICO
Término tópico o elemento de entrada del nombre geográfico EXPRESIONISMO (ARTE)
650 14 - ENTRADA DE SUJETO AÑADIDO - TÉRMINO TÓPICO
Término tópico o elemento de entrada del nombre geográfico INSTALACIONES (ARTE) ESPAÑA
650 14 - ENTRADA DE SUJETO AÑADIDO - TÉRMINO TÓPICO
Término tópico o elemento de entrada del nombre geográfico PINTORES ESPAÑOLES
650 14 - ENTRADA DE SUJETO AÑADIDO - TÉRMINO TÓPICO
Término tópico o elemento de entrada del nombre geográfico PINTURA ESPAÑOLA
Holdings
Estado de retirada Pérdida de estatus Estado dañado No para préstamo Código de recogida Ubicación permanente Ubicación actual Ubicación de las estanterías Fecha de adquisición Número de llamada completo Código de barras Fecha de la última vez que se vio Número de copia Precio efectivo desde Tipo de artículo Koha
        General ArtNexus ArtNexus General 06/09/2022 P-SP-00 J35S 15769 06/09/2022 Ej.1 06/09/2022 Libro

Powered by Koha